000 00646nam a2200229 u 4500
005 20240831063752.0
008 121129s1998 es r 000 0 spa d
020 _a8493022101
035 _aUPN01000189003
049 _aI
050 4 _aPZ78
_bB3.66
100 1 _aBallester, Arnal,
_d1955-
_933546
245 1 0 _aNo tinc paraules /
_cArnal Ballester.
260 _aValencia, Esp. :
_bMedia Vaca,
_c1998.
300 _a53 h. :
_bil. col.
440 0 _aLibros para niños
650 4 _aCuentos infantiles españoles
_97725
650 4 _aCirco
_vLiteratura infantil
_921760
905 _aInfantil
999 _c161106
_d161106